000 00294nam a22001337a 4500
008 170508b xxu||||| |||| 00| 0 eng d
020 _a9780735584921
041 _aeng
080 _a343.9
100 _a15
101 _aSHJ
245 _aCRIMINAL PROCEDURE
_cCHEMERINSKY, E
942 _2udc
_cBK
999 _c12866
_d12866